स्वतंत्रता संग्राम की विस्मृति विभूतियाँ / (Record no. 53176)

MARC details
000 -LEADER
fixed length control field 00774nam a2200193Ia 4500
005 - DATE AND TIME OF LATEST TRANSACTION
control field 20260429112247.0
008 - FIXED-LENGTH DATA ELEMENTS--GENERAL INFORMATION
fixed length control field 260429s9999||||xx |||||||||||||| ||und||
020 ## - INTERNATIONAL STANDARD BOOK NUMBER
International Standard Book Number 9789387537231
041 ## - LANGUAGE CODE
Language Hindi
082 ## - DEWEY DECIMAL CLASSIFICATION NUMBER
Classification number 954.035
Item number RAJ
100 ## - MAIN ENTRY--PERSONAL NAME
Personal name राजपूत, यशभारती राम कृष्ण
245 #0 - TITLE STATEMENT
Title स्वतंत्रता संग्राम की विस्मृति विभूतियाँ /
Statement of responsibility, etc यशभारती राम कृष्ण राजपूत
250 ## - EDITION STATEMENT
Edition statement 1st ed.
260 ## - PUBLICATION, DISTRIBUTION, ETC. (IMPRINT)
Place of publication, distribution, etc नई दिल्ली :
Name of publisher, distributor, etc क्रिसेंट पब्लिशिंग,
Date of publication, distribution, etc 2019.
300 ## - PHYSICAL DESCRIPTION
Extent xx, 254 p.; Hb
650 ## - SUBJECT ADDED ENTRY--TOPICAL TERM
Topical term or geographic name as entry element Freedom Movement
700 ## - ADDED ENTRY--PERSONAL NAME
Personal name त्रिपाठी, वी.पी.
942 ## - ADDED ENTRY ELEMENTS (KOHA)
Koha item type Text Books
Holdings
Withdrawn status Lost status Damaged status Not for loan Collection code Home library Location Shelving location Date of Cataloging Source of acquisition Total Checkouts Full call number Barcode Date last seen Price effective from Koha item type
        Non-fiction CUTN Central Library CUTN Central Library History & Geography 29/04/2026 Segment Book Distributors, New Delhi - Invoice No. 71458 on 09-02-2026   954. 035 RAJ 58500 29/04/2026 29/04/2026 Text Books